00398nam a22001217a 4500008004100000040005500041080002200096100002400118245004100142260005600183300001100239650002600250230405b |||||||| |||| 00| 0 eng d aNational Science LibrarycNational Science Library a061.3/.001.1 bK0 aKindler, Herbert S  aOrganizing the technical conference  bNew York: cReinhold Publishing corporation, d1960 a139p.  aTechnical conference